Contestaciones al programa de asistencia pública domiciliaria / (Record no. 70814)

MARC details
000 -LEADER
campo de control de longitud fija 00722nam a2200193 i 4500
001 - NÚMERO DE CONTROL
campo de control 70814
003 - IDENTIFICADOR DE NÚMERO DE CONTROL
campo de control ES-MaACL
005 - FECHA Y HORA DE LA ÚLTIMA TRANSACCIÓN
campo de control 20230906170930.0
007 - CAMPO FIJO DE DESCRIPCIÓN FÍSICA--INFORMACIÓN GENERAL
campo de control de longitud fija t|
008 - DATOS DE LONGITUD FIJA--INFORMACIÓN GENERAL
campo de control de longitud fija 040803s1947 sp ||||1| spa d
100 1# - ENTRADA PRINCIPAL--NOMBRE DE PERSONA
Nombre de persona Garrido García, Alfredo.
9 (RLIN) 55702
245 10 - MENCIÓN DEL TÍTULO
Título Contestaciones al programa de asistencia pública domiciliaria /
Mención de responsabilidad, etc. por A. Garrido García y J. Herrero Quintero.
260 ## - PUBLICACIÓN, DISTRIBUCIÓN, ETC.
Lugar de publicación, distribución, etc. Madrid :
Nombre del editor, distribuidor, etc. [s.n.],
Fecha de publicación, distribución, etc. 1947 (
Fabricante Gráf. Mog)
300 ## - DESCRIPCIÓN FÍSICA
Extensión 2 v. ;
Dimensiones 21 cm.
505 1# - NOTA DE CONTENIDO CON FORMATO
Nota de contenido con formato Contiene: 1. Cirugía y 10 primeros temas de medicina (567 p.) - 3. Higiene y legislación (456 p.)
650 #4 - PUNTO DE ACCESO ADICIONAL DE MATERIA--TÉRMINO DE MATERIA
Término de materia o nombre geográfico como elemento de entrada Medicina-
Subdivisión general Contestaciones para oposiciones.
9 (RLIN) 14896
700 1# - ENTRADA AGREGADA--NOMBRE PERSONAL
Nombre de persona Herrero Quintero, J.
9 (RLIN) 63339
852 4# - LOCALIZACIÓN
Ubicación ES-MaACL
Número de control de estantería P-868-bis
Holdings
Estatus retirado Estado de pérdida Estado de daño No para préstamo Biblioteca de origen Biblioteca actual Ubicación en estantería Fecha de adquisición Fuente de adquisición Total de préstamos Signatura topográfica completa Código de barras Visto por última vez Precio de reemplazo Tipo de ítem Koha
        Biblioteca del Ateneo de Madrid Biblioteca del Ateneo de Madrid Depósito 2 17/01/2008     P-868-bis 1074155 23/02/2023 23/02/2023 Libro impreso